000 00226 a2200085 4500
020 _a9783836536462
100 _aPhilip Jodidio
245 _aRenzo Piano Building Workshop: The Poetry of Flight
260 _bTaschen America Llc
_c2016
999 _c13391
_d13391